000 00915nas a2200277 4500
001 BR0200623
003 BR-BrBNA
005 20231205102729.0
007 ta
008 230509b bl.|||p| |||| 00| 00por d
040 _aBR-BrBNA
_bpor
_cBiblioteca Nacional de Agricultura
041 _a(Pt)
072 _aL01; L53
100 1 _aSilveira, K.B.X. da
100 1 _aKozicki, L.E.
111 1 _a14. Congresso Brasileiro de Reprodução Animal
_cBelo Horizonte, MG (Brazil)
_d1-5 Aug 2001
245 1 _aSuperovulação em ovelhas suffolk durante o anestro sazonal com FSH e PMSG
650 _aOVELHA
650 _aCICLO ESTRAL
650 _aOVULAÇÃO
650 _aHORMÔNIO ANIMAL
650 _aEMBRIÃO
773 0 _tRevista Brasileira de Reprodução Animal (Brazil)
_xISSN 0102-0803
_g(Jul-Sep 2001), v. 25(3) p. 339-341
_wBR0200623
909 _a202311
_bLúcia
_c55
_dLúcia Elande
942 _2AGRIS
_n0
_cANA
999 _c169039
_d169039